Statistics for All Nations Ever to Participate in Men's Football Tournaments at Olympic Games

Click here to take the quiz!

General Stats

  • This quiz has been taken 37 times
  • The average score is 75 of 89

Answer Stats

#Top FinishAnswer% Correct
110thRussia
100%
74thAustralia
97%
13GoldBrazil
97%
3GoldCanada
97%
56thColombia
97%
9SilverDenmark
97%
44thFinland
97%
12GoldFrance
97%
9SilverGermany
97%
10GoldGreat Britain
97%
11GoldMexico
97%
7GoldNigeria
97%
5BronzeNorway
97%
7GoldPoland
97%
44thPortugal
97%
211thSouth Africa
97%
10GoldSweden
97%
3SilverSwitzerland
97%
14SilverUnited States
97%
3GoldUruguay
97%
8GoldArgentina
94%
4SilverAustria
94%
4BronzeChile
94%
114thEgypt
94%
37thIran
94%
10BronzeJapan
94%
25thPeru
94%
10BronzeSouth Korea
94%
10GoldSpain
94%
28thAlgeria
91%
5GoldBelgium
91%
3GoldCameroon
91%
213thChina
91%
313thGreece
91%
44thIndia
91%
54thIraq
91%
27thIreland
91%
25thIsrael
91%
15GoldItaly
91%
78thMorocco
91%
214thNew Zealand
91%
2SilverParaguay
91%
16thSenegal
91%
412thTunisia
91%
65thTurkey
91%
112thVenezuela
91%
5SilverBulgaria
88%
5GoldCzechoslovakia
88%
44thHonduras
88%
9GoldHungary
88%
8BronzeNetherlands
88%
35thRomania
88%
6GoldSoviet Union
88%
11GoldYugoslavia
88%
114thCzech Republic
84%
6BronzeGhana
84%
215thSaudi Arabia
84%
115thUnited Arab Emirates
84%
38thCosta Rica
81%
16thCote d'Ivoire
81%
4GoldEast Germany
81%
15thIndonesia
81%
117thLithuania
81%
112thSerbia
81%
116thSerbia and Montenegro
81%
113thSlovakia
81%
27thCuba
78%
116thLatvia
78%
18thNorth Korea
78%
25thZambia
78%
110thBelarus
75%
117thEstonia
75%
38thGuatemala
75%
15thMali
75%
29thThailand
75%
28thQatar
72%
117thAfghanistan
69%
115thEl Salvador
69%
116thFiji
69%
111thGuinea
69%
110thMalaysia
66%
114thSyria
66%
36thKuwait
63%
39thChinese Taipei
59%
115thSudan
59%
112thGabon
50%
69thLuxembourg
50%
19thBurma
34%
114thNetherlands Antilles
3%

Score Distribution

Percentile by Number Answered

Percent of People with Each Score

Your Score History

You have not taken this quiz